| 000 | 00867nam a2200229 a 4500 | ||
|---|---|---|---|
| 001 | 000024718 | ||
| 005 | 20200930023328.0 | ||
| 008 | 110202s1967 sp d r 000 0 spa d | ||
| 040 |
_aDO-SdBNP _bspa _cBNPHU |
||
| 082 | _axxxxx | ||
| 110 | 1 |
_aUnión Europénne des Experts Comptables, Economiques et Financiers _950712 |
|
| 245 | 1 | 0 |
_aManual europeo de revisión contable / _ctraducción Francisco Queréndez. |
| 250 | _a2a ed. | ||
| 260 |
_aBilbao, España : _bDeusto, _c1967. |
||
| 300 |
_a213 p. : _bdiagrs. ; _c24.5 cm. |
||
| 490 | 1 | _aClásicos de Gestión | |
| 500 | _aIncluye notas al pie de las páginas. | ||
| 534 |
_pTítulo original : _tManuel de revisión comptable de la Union Européenne des Experts Comptables Economiques et Financiers. |
||
| 700 | 1 |
_aQueréndez, Francisco, _etr. _950713 |
|
| 830 | 0 |
_aClásicos de Gestión _946648 |
|
| 049 | _aBNGR | ||
| 999 |
_c24211 _d24211 |
||